[Event "ICS rated blitz match"]
[Site "207.99.83.227"]
[Date "1999.04.03"]
[Round "?"]
[White "nimraz"]
[Black "Hossa"]
[Result "0-1"]
[WhiteElo "2212"]
[BlackElo "2478"]
[Annotator "Fritz 5.32 (15s)"]
[PlyCount "60"]

1. e4 c5 2. Nf3 Nc6 3. d4 cxd4 4. Nxd4 Qb6 5. Nb3 Nf6 6. Nc3 e6 7. a3 Be7 8.
Be2 (8. Be3 Qc7 9. f4 d6 10. g3 O-O 11. Bg2 a6 12. O-O b5 13. g4 Nd7 14. Qf3
Bb7 15. Qf2 Rac8 16. g5 Rfe8 17. Rae1 Bf8 18. Qh4 b4 19. axb4 Nxb4 20. Re2 g6
21. Rf3 Qd8 22. Rh3 22... h6 {Starostits,I-Vokac,M/Trinec CZE 1999/0-1 (82)})
8... Qd8 $146 (8... d6 9. O-O a6 10. Be3 Qc7 11. f4 b5 12. Bf3 Bb7 13. Qe2 Rb8
14. Rfd1 O-O 15. Qf2 Ba8 16. g4 Nd7 17. Ne2 b4 18. Ned4 Nxd4 19. Nxd4 bxa3 20.
Rxa3 Rxb2 21. Rxa6 Nc5 22. Rxa8 Rxa8 23. e5 d5 24. f5 Rab8 25. g5 Ne4 26. Bxe4
dxe4 27. fxe6 fxe6 28. Qf4 Bc5 29. c3 Bxd4 30. Bxd4 Qf7 31. Qxe4 31... Qh5 {
0-1 Pienski,O-Carlier,B/Baden Baden op 1991 (31)}) (8... a6 9. Be3 Qc7 10. f4
O-O 11. O-O b5 12. Bf3 Rb8 13. Qe2 b4 14. axb4 Nxb4 15. e5 Ne8 16. Qf2 Bb7 17.
Ba7 Rc8 18. Bb6 Qb8 19. Ba7 Qa8 20. Bxb7 Qxb7 21. Bc5 Bxc5 22. Nxc5 Qc6 23. Nd3
Rb8 24. Ra4 Nxd3 25. cxd3 f6 26. exf6 Nxf6 27. Rfa1 Ng4 28. Qf3 Qb6+ 29. d4 Ne5
30. Qe3 Ng6 31. Rxa6 Qxb2 32. R6a2 Qb3 33. Ra3 Qc2 34. R3a2 Qf5 35. g3 Qg4 36.
Rf1 Rb3 37. Qe2 Qf5 38. Ne4 Qd5 39. Rd2 Rfb8 40. Ng5 Rb1 41. Qe4 R1b5 42. Rc1
h6 43. Qxg6 hxg5 44. fxg5 Rf8 45. h4 Rf3 46. Rg2 Qxd4+ 47. Kh1 Qd5 48. Kg1 Qd6
49. Qe4 Rxg3 50. Ra1 50... Qb6+ {
0-1 Andrei,M-Kuzmin,G/Pardubice (Czechoslovakia) 1994 (50)}) (8... O-O 9. O-O
a6 10. Qd3 Qc7 11. f4 d6 12. Qg3 Bd7 13. Be3 Rad8 14. Nd2 d5 15. e5 Ne8 16. Nf3
f5 17. Qf2 Qb8 18. Bb6 Rc8 19. Bd3 Nc7 20. Ne2 Na8 21. Be3 Na5 22. b3 b5 23. h4
{Chigorin,M-Paulsen,L/Berlin 1881/1-0 (44)}) 9. O-O (9. Bf3 9... Ne5 $11) 9...
O-O 10. f4 (10. Qd3 10... d5 $11) 10... d5 11. e5 {Weiss gewinnt Raum} 11...
Qb6+ 12. Kh1 12... Ne4 $16 {Die Sturmspitze auf e4} (12... Nd7 13. Bd3 $14) 13.
Nxe4 dxe4 14. Qe1 Nd4 15. Nxd4 Qxd4 16. Qg3 Qb6 17. b4 a5 18. Be3 {Blockiert e4
} 18... Qc6 {Schwarz erhaelt starke Initiative} 19. f5 $17 (19. c3 $5 $11 $142
{ist noch spielbar}) 19... exf5 20. b5 $19 (20. c3 20... Bd7 $17) 20... Qc3 (
20... Qxc2 $6 21. Bh6 g6 22. Bxf8 Bxf8 23. Rfe1 $17) 21. Rad1 (21. Bf4 Qxg3 22.
Bxg3 $19) 21... Bxa3 {Der Freibauer a5 greift sofort ein} 22. Rd3 $4 {
Weiss bricht voellig ein} (22. Bf4 Qxg3 23. Bxg3 $19) 22... exd3 23. Bxd3 (23.
cxd3 {hilft auch nicht mehr} 23... Rd8 24. d4 24... a4 $19) 23... Bb2 24. Bf4 (
24. Re1 {aendert nichts am Ausgang der Partie} 24... Re8 $19) 24... a4 25. Rf3
(25. Bh6 {lenkt den Gegner vielleicht noch ab} 25... Qxe5 26. Bf4 $19) 25... a3
26. Bf1 26... Qxf3 $1 {ganz unerschrocken. Droht Matt: Qxf1} 27. gxf3 a2 28.
Bh6 {Es droht Matt} 28... Bxe5 $1 {weise Rueckgabe des Materials} 29. Qxe5
29... a1=Q {Droht Matt} 30. Bxg7 Qxf1# 0-1

[Event "ICS rated blitz match"]
[Site "207.99.83.227"]
[Date "1999.04.03"]
[Round "?"]
[White "Hossa"]
[Black "Pseudorandom"]
[Result "1-0"]
[WhiteElo "2484"]
[BlackElo "2111"]
[Annotator "Fritz 5.32 (15s)"]
[PlyCount "107"]

1. e4 e6 2. Nf3 d5 3. exd5 exd5 4. d4 Nf6 5. Bg5 Bd6 (5... Be7 6. Bd3 Bg4 7.
Nbd2 Nbd7 8. O-O O-O 9. Re1 c5 10. c3 c4 11. Bc2 Bd6 12. h3 Bh5 13. Bf5 Qc7 14.
Qc2 Rae8 15. Bxd7 Nxd7 16. Qf5 f6 17. Bf4 Bf7 18. Bxd6 Qxd6 19. Nh4 g6 20. Qf3
f5 21. Nf1 Qf6 22. g3 Be6 23. Ng2 g5 24. Re2 Qf7 25. Rae1 Nf6 26. Nge3 Ne4 27.
Nd2 Kh8 28. g4 Nxd2 29. Rxd2 fxg4 30. Qxf7 Bxf7 31. hxg4 Re7 32. Red1 Re4 33.
Kg2 Be6 34. Kg3 Rff4 35. Rh1 Bxg4 36. Nxd5 Rf5 37. Ne3 Rff4 38. Nxc4 Rf3+ 39.
Kg2 Rf5 40. Rh6 {(TCH),S-(GEO),E/Lazne Bohdanec (Czech Republi 1995/0-1 (56)})
6. Qe2+ (6. Be2 O-O 7. O-O c6 8. c4 Be6 9. c5 Be7 10. Nbd2 Nbd7 11. Bd3 h6 12.
Bh4 Nh5 13. Bxe7 Qxe7 14. Re1 Nf4 15. Bf1 Qf6 16. g3 Nh3+ 17. Bxh3 Bxh3 18. Qe2
g5 19. Ne5 Rae8 20. Qf3 20... Qxf3 {
Fries Nielsen,J-Hansen,L/Farum POL 1993/0-1 (53)}) 6... Qe7 $14 (6... Be6 7.
Qb5+ Nbd7 8. Qxb7 $14) (6... Be7 7. Nc3 O-O 8. O-O-O c6 9. Qd2 b5 10. Bd3 a5
11. Bh6 b4 12. Ne2 gxh6 13. Ng3 Kg7 14. Bf5 Ne4 15. Nh5+ Kh8 16. Qxh6 16...
Bg5+ {0-1 Schmidt,G-Klein,C/RH-chJ U17 Gau Algesheim 1994 (16)}) 7. Bxf6 7...
gxf6 {Deckt e5+g5} 8. Qxe7+ Kxe7 9. Nc3 9... c6 {Sichert b5} 10. O-O-O Be6 11.
g3 {Kontrolliert f4} 11... Nd7 12. Re1 Nb6 13. Nd1 {
Der Springer plant Sc3-d1-e3-f5} 13... Kd7 14. Ne3 a5 (14... c5 15. h3 $14) 15.
Bd3 a4 16. Nf5 {Der Springer steht auf f5 komfortabel} 16... Bf8 17. a3 {
Ueberdeckt b4} 17... Nc4 18. Re2 b5 19. Rhe1 $17 (19. c3 $14 $142 {
ist noch spielbar}) 19... b4 20. axb4 $19 (20. Bxc4 $5 20... dxc4 21. Ne3 bxa3
22. c3 $17) 20... Bxb4 $17 (20... a3 21. Bxc4 dxc4 22. bxa3 Rxa3 23. d5 Bxf5
24. dxc6+ Kxc6 25. Nd4+ Kb6 26. Nxf5 Bxb4 27. Nd6 Ra1+ 28. Kb2 Rxe1 29. Rxe1
Bxe1 30. Nxc4+ Kc5 31. Ne3 $19) 21. c3 a3 22. Bxc4 ({Weniger gut ist} 22. cxb4
22... a2 23. Kc2 a1=Q 24. Rxa1 24... Rxa1 $15) 22... dxc4 23. cxb4 (23. Ne3 a2
24. Kc2 Bxc3 25. Kxc3 a1=Q 26. Rxa1 26... Rxa1 $17) 23... a2 $1 {
zementiert den Vorteil} 24. Kd2 a1=Q 25. Rxa1 Rxa1 26. Ne3 Rb8 27. Nc2 (27. Kc3
27... h6 $15) 27... Ra2 $15 (27... Rh1 28. Re1 Rxe1 29. Nfxe1 $15) 28. Kc3
28... Bd5 {Ein gutes Feld fuer den Laeufer} 29. Nd2 {
Nimmt den isolierten Bauern c4 ins Visier} 29... Re8 $11 (29... h6 $5 $15) 30.
Rxe8 Kxe8 31. b5 {Weiss ergreift die Initiative} 31... cxb5 $16 (31... Kd7 $5
$14 $142 {kam sehr in Betracht}) 32. Nb4 Ra1 33. Nxd5 Rc1+ 34. Kb4 Rc2 35.
Nxf6+ Ke7 36. Nde4 $1 {das war die Absicht} 36... Rxb2+ 37. Kc5 h5 (37... h6
38. h4 $18) 38. h4 Ke6 (38... Rb3 39. Nd5+ (39. Nxh5 $6 39... c3 40. Nf4 40...
c2 $14) 39... Kf8 40. Nec3 $18) 39. Nxh5 Kf5 40. Nhf6 (40. Nd6+ $5 {
gibt noch groesseren Vorteil} 40... Kg4 41. Nf6+ 41... Kf3 $18) 40... Re2 (
40... c3 41. g4+ Kg6 42. h5+ Kg7 43. h6+ Kxh6 44. Nxc3 44... b4 $18) 41. g4+ (
41. Kxb5 c3 42. g4+ Ke6 43. d5+ Ke5 44. f4+ Kd4 45. Nxc3 45... Kxc3 $18) 41...
Kf4 (41... Kg6 {nuetzt auch nichts mehr} 42. h5+ Kg7 43. d5 $18 (43. Kxb5 $143
43... c3 44. h6+ Kxh6 45. Nxc3 45... Rxf2 $18)) 42. Kxb5 c3 43. Nxc3 Rxf2 44.
h5 (44. Ncd5+ {waere im Gewinnsinne praeziser} 44... Kf3 $18) 44... Rb2+ 45.
Kc4 Kg5 46. Nce4+ {Weiss erhaelt entscheidenden Koenigsangriff} 46... Kh6 47.
g5+ Kg7 48. h6+ Kh8 (48... Kg6 {aendert nichts mehr} 49. h7 Rc2+ 50. Kd3 $18)
49. Nd6 $11 (49. Nd7 $18 $142 {machte sofort alles klar}) 49... Rb4+ $5 50. Kc5
{Weiss aktiviert den Koenig. Droht Matt: Nxf7} 50... Rb5+ 51. Kc6 $1 {
kraeftig gespielt} (51. Nxb5 $6 $11) (51. Kxb5 $6 $11) 51... Rb6+ $5 52. Kd7 (
52. Kxb6 $6 $11) 52... Rxd6+ 53. Ke7 {Droht d5} (53. Kxd6 $6 $11) 53... Rd7+ $4
{ein Versehen in unangenehmer Stellung} (53... Rxd4 $142 54. Kxf7 54... Rd6 $18
) 54. Nxd7 (54. Nxd7 Kh7 55. Kxf7 Kh8 56. d5 Kh7 57. Nf6+ Kh8 58. Ng4 Kh7 59.
g6+ Kh8 60. g7+ Kh7 61. g8=Q#) (54. Kxd7 $6 $11) 1-0

[Event "ICS rated blitz match"]
[Site "207.99.83.227"]
[Date "1999.04.03"]
[Round "?"]
[White "matar"]
[Black "Hossa"]
[Result "0-1"]
[WhiteElo "2292"]
[BlackElo "2487"]
[Annotator "Fritz 5.32 (15s)"]
[PlyCount "70"]

1. e4 e5 2. Nf3 Nc6 3. Bb5 a6 4. Ba4 Nf6 5. Bxc6 dxc6 6. d3 Bg4 (6... Bd6 7.
Nbd2 O-O 8. Nc4 Nd7 9. O-O Re8 10. b3 f6 11. Bb2 Nc5 12. h3 Be6 13. Re1 Bf7 14.
Nxd6 cxd6 15. d4 Ne6 16. dxe5 dxe5 17. Qe2 Qe7 18. Rad1 Bh5 19. Kh2 a5 20. a4
Red8 21. Qe3 {Michel Yunis,C-Sulskis,S/Moscow olm 1994/0-1 (42)}) (6... Qd6 7.
Nbd2 b5 8. a4 Bb7 9. Qe2 Be7 10. d4 Nd7 11. O-O O-O 12. Re1 Rfe8 13. d5 cxd5
14. axb5 axb5 15. Rxa8 Rxa8 16. Qxb5 Bc6 17. Qe2 d4 18. Nf1 Rb8 19. Ng3 g6 20.
b3 Bb5 21. Qd2 {Mays,S-Simon,P/Cologne GER 1998/1-0 (63)}) 7. Nbd2 7... Bb4 $14
(7... Bc5 8. Nc4 Nd7 9. h3 Be6 10. b3 f6 11. O-O Qe7 12. Be3 O-O-O 13. a4 h5
14. Bxc5 Nxc5 15. Ncd2 g5 16. b4 Nd7 17. b5 cxb5 18. axb5 axb5 19. Ra8+ Nb8 20.
Qa1 Qc5 21. Ne1 g4 22. h4 {68020,P-M,M/6+4 1991/ - (75)}) (7... Bd6 8. Nc4 $11)
8. h3 Bxf3 9. Qxf3 (9. gxf3 $6 9... Qd7 $11) 9... O-O 10. O-O Qe7 11. Nc4 b5 (
11... Qe6 12. Ne3 $14) 12. Ne3 Rad8 (12... g6 13. Qg3 $14) 13. Nf5 Qe6 14. Bg5
Kh8 15. Nh6 $14 (15. Qg3 15... Rg8 $16) 15... Be7 16. Nf5 $11 (16. Bxf6 Bxf6 (
16... Qxf6 $143 17. Qxf6 Bxf6 18. Ng4 $14) 17. Nf5 17... Bg5 $11) 16... Ng8 $14
(16... Bb4 17. Qg3 Rg8 18. Qh4 $18) 17. Bxe7 $11 (17. Be3 17... Bd6 $14) 17...
Nxe7 18. Nxe7 Qxe7 19. a4 (19. a3 19... c5 $11) 19... Qb4 $14 (19... b4 20. a5
$11) 20. b3 $11 (20. axb5 cxb5 21. Rxa6 21... Qxb2 $11) 20... Qd2 21. Qd1 Qxd1
22. Rfxd1 $11 (22. Raxd1 bxa4 23. bxa4 23... Rd4 $11) 22... b4 23. a5 c5 24.
Kf1 h5 25. Ke2 g5 26. g3 (26. Rac1 26... Rd6 $14) 26... Rd4 27. Re1 (27. Rac1
27... Kg7 $14) 27... Kg7 28. Rf1 28... Kf6 $14 (28... f5 $5 29. f3 29... f4 $11
) 29. f4 exf4 30. gxf4 g4 31. hxg4 hxg4 32. Rh1 Ke7 33. Rh5 Rg8 34. Rxc5 34...
Kd6 $18 (34... Kd7 35. Rh1 $16) 35. Rg1 $4 $19 {
wild schwanken die Waagschalen...} (35. Rg5 $142 {
und Weiss bekommt die Oberhand} 35... Rxg5 36. fxg5 $18) 35... Kxc5 (35... Kxc5
36. Ke3 36... Rd6 $19) 0-1

[Event "ICS rated blitz match"]
[Site "207.99.83.227"]
[Date "1999.04.03"]
[Round "?"]
[White "Hossa"]
[Black "matar"]
[Result "1-0"]
[WhiteElo "2495"]
[BlackElo "2284"]
[Annotator "Fritz 5.32 (15s)"]
[PlyCount "41"]

1. e4 c5 2. Bc4 e6 3. Nc3 Nc6 4. Nf3 Nf6 (4... a6 5. a4 d6 6. O-O Nf6 7. d3 h6
8. Bf4 Bd7 9. Qd2 Nd4 10. Nxd4 cxd4 11. Ne2 e5 12. Bg3 Be7 13. f4 Nh5 14. fxe5
O-O 15. exd6 Bg5 16. Qe1 Nxg3 17. Qxg3 Be3+ 18. Kh1 Rc8 19. Nf4 {
Jouault,L-Mikurenda,A/open, St Heliers JER 1997/1-0 (50)}) 5. O-O 5... d5 $146
(5... a6 6. a4 d5 7. exd5 exd5 8. Be2 Bd6 9. d4 c4 10. Bg5 Be6 11. Bxc4 dxc4
12. d5 Bxd5 13. Nxd5 Bxh2+ 14. Kxh2 Qxd5 15. Re1+ Kf8 16. Bxf6 Qxd1 17. Bxg7+
Kxg7 18. Raxd1 Rad8 19. Rd2 b5 20. Rde2 Rd5 21. axb5 axb5 22. b3 cxb3 23. cxb3
Rhd8 24. Rc1 Nb4 25. Rc7 R8d7 26. Rxd7 Rxd7 27. Re8 Rd3 28. Re5 Nd5 29. b4 f6
30. Rf5 Kg6 31. g4 Nxb4 32. Nh4+ Kf7 33. Rxb5 Nd5 34. Rb7+ Kg8 35. Nf5 Rd1 36.
Rd7 Nc3 37. Rg7+ Kh8 38. Rc7 h5 39. Rxc3 hxg4 40. Rc6) (5... Be7 6. d4 cxd4 7.
Nxd4 Qc7 8. Ncb5 Qb6 9. Re1 a6 10. Nxc6 Qxc6 11. Nc3 Qxc4 12. Qf3 12... Qc6 {
0-1 Faye,Y-Potter,S/Dubai 1986 (12)} (12... Qc6 13. a3 b5 14. b4 a5 15. Rb1 Bb7
16. e5 Qxf3 17. gxf3 Nh5 18. Nxb5 O-O 19. Rb3 Rfc8 20. bxa5 Bd5 21. Rc3 Rxc3
22. Nxc3 Rxa5 23. Kg2 g6 24. Re2 Bc6 25. Nb1 g5 26. h3 Ng7 27. c3 h5 28. Re3 g4
29. hxg4 hxg4 30. c4 Bg5 31. Rc3 Rxe5 32. Bxg5 Rxg5 33. Kf1 Bxf3 34. Nd2 Bc6
35. Ke2 f5 36. Nf1 Rh5 37. Kd2 f4 38. Ke2 Bg2 39. Nd2 Rh3 40. Rxh3 gxh3 41. Nf3
Nf5 42. Nh2 Nd4+ 43. Ke1 Nf3+ 44. Nxf3 Bxf3 45. Kf1 45... h2 {
0-1 Faye,Y-Potter,S/Dubai olm 1986 (45)})) 6. exd5 exd5 7. Bb5 7... d4 {
Schwarz erobert Raum} 8. Ne5 (8. Re1+ Be6 9. Na4 9... Nd7 $14) 8... Qc7 9. Re1
9... Be7 $11 (9... Be6 10. Bxc6+ bxc6 11. Nb1 $15) 10. Qe2 10... O-O $14 (10...
Be6 $5 {ist vielleicht staerker} 11. Bxc6+ 11... bxc6 $11) 11. Nxc6 bxc6 12.
Qxe7 Qxe7 13. Rxe7 cxb5 14. Nxb5 Nd5 15. Re5 15... Nb4 $18 (15... Rd8 $5 $16)
16. Rxc5 Re8 (16... d3 17. c4 $18) 17. f3 d3 18. Nc7 Re1+ 19. Kf2 Re2+ 20. Kf1
Rb8 (20... Na6 21. cxd3 Re7 22. Nd5 $18) 21. a3 $1 {triumphiert} (21. a3 Na6
22. Rc6 (22. cxd3 $6 22... Nxc5 23. Kxe2 23... Bf5 $16) 22... Nxc7 23. Rxc7 $18
) 1-0

[Event "ICS rated blitz match"]
[Site "207.99.83.227"]
[Date "1999.04.03"]
[Round "?"]
[White "matar"]
[Black "Hossa"]
[Result "0-1"]
[WhiteElo "2277"]
[BlackElo "2502"]
[Annotator "Fritz 5.32 (15s)"]
[PlyCount "56"]

1. e4 d6 2. d4 Nf6 3. Nc3 Nbd7 4. Be3 e5 5. Nf3 (5. f3 c6 6. Qd2 Be7 7. Nge2
O-O 8. O-O-O b5 9. Ng3 Nb6 10. dxe5 dxe5 11. Qxd8 Rxd8 12. Rxd8+ Bxd8 13. Bd3
g6 14. Nge2 Be6 15. Kb1 Nc4 16. Bxc4 Bxc4 17. b3 Be6 18. Nc1 Bb6 19. Bxb6 19...
axb6 {Emms,J-Shaw,J/Oakham 1994/ - (65)}) (5. Bd3 Be7 6. f3 c6 7. Nge2 O-O 8.
g4 b5 9. Ng3 exd4 10. Bxd4 b4 11. Nce2 c5 12. Be3 Ne5 13. Nf4 Bxg4 14. fxg4
Nfxg4 15. Bf2 c4 16. Be2 Nxf2 17. Kxf2 g6 18. Kg2 Bg5 19. Nd5 19... f5 {
Babic,M-Lovejoy,D/Suncoast AUS 1999/1-0 (33)}) 5... Be7 6. Bc4 O-O 7. Qe2 $146
(7. h3 c6 8. Bb3 b5 9. a3 a5 10. d5 c5 11. Nd2 Ba6 12. Ne2 c4 13. Ba2 Qc7 14.
O-O b4 15. axb4 axb4 16. c3 b3 17. Bb1 Nc5 18. Ng3 Bb5 19. Rxa8 Rxa8 20. Bxc5
Qxc5 21. Nf5 21... Bf8 {Nikolov,D-Bartosik,P/Bratislava 1993/0-1 (56)}) (7. O-O
c6 8. Bb3 b5 9. d5 c5 10. Nxb5 Ba6 11. Bc4 Nb6 12. Qd3 Nxe4 13. Nxe5 dxe5 14.
Qxe4 Qd7 15. a4 f5 16. Qd3 e4 17. Qb3 Nxc4 18. Qxc4 Bd6 19. Rfd1 f4 20. Bxc5
Rac8 21. b4 f3 22. Qxe4 Rce8 23. Qd3 Qg4 24. g3 Re2 25. Qxe2 fxe2 26. Rd4 Qf3
27. Rd3 Qf6 28. Bd4 Be5 29. Bxe5 29... Qxf2+ {
0-1 Lim Chin Lee-Dupsky,L/WchJM-U18 Szeged 1994 (29)}) 7... Ng4 8. O-O-O (8.
Rd1 8... c6 $11) 8... Bf6 $14 (8... Nxe3 9. fxe3 exd4 10. exd4 $11) 9. Bb3 $11
(9. Nd5 Nxe3 10. fxe3 exd4 11. exd4 11... Nb6 $11) 9... Nxe3 10. fxe3 10... c6
{Befestigt b5+d5} 11. h4 11... Qb6 $14 (11... b5 $5 $11) 12. g4 Be7 13. g5 {
Raumgewinn} 13... Qb4 $16 (13... Qa5 14. g6 hxg6 15. h5 gxh5 16. Rxh5 $16) 14.
h5 exd4 (14... Kh8 15. g6 fxg6 16. h6 gxh6 17. Rxh6 $14) 15. exd4 15... Nb6 $18
(15... Kh8 16. g6 $16) 16. g6 Bg4 17. gxf7+ Kh8 18. a3 Qa5 19. Rdg1 Bxf3 20.
Qxf3 Bg5+ 21. Kb1 Bh6 (21... h6 22. Rd1 $18) 22. Ne2 (22. Rf1 22... c5 $18)
22... Qb5 23. Nf4 $16 (23. Rh2 Nc4 24. Nc3 24... Qa6 $18) 23... Nc4 24. Ka2 $11
(24. Bxc4 Qxc4 25. Ng6+ hxg6 26. hxg6 Qxd4 27. Rf1 Qd2 28. Rxh6+ Qxh6 29. Rh1
Rg8 30. Rxh6+ gxh6 31. Qf6+ Rg7 32. f8=Q+ Rxf8 33. Qxf8+ Rg8 34. Qxh6#) 24...
Nd2 ({Nicht} 24... Rxf7 25. Ng6+ Kg8 26. Qg4 $18) 25. Qh3 $4 $17 {
gibt den Vorteil aus der Hand} (25. Qg3 d5 26. Ng6+ (26. exd5 Nxb3 27. Ng6+
hxg6 28. hxg6 Nc1+ 29. Kb1 Qxb2+ 30. Kxb2 Nd3+ 31. cxd3 Rxf7 32. Rxh6+ Kg8 33.
gxf7+ Kf8 34. Qxg7+ Ke7 35. f8=Q#) 26... hxg6 27. hxg6 Qxb3+ 28. cxb3 Rxf7 29.
Rxh6+ Kg8 30. gxf7+ Kf8 31. Qxg7+ Ke7 32. f8=Q#) 25... Nxb3 $1 {
bleibt am Druecker} (25... Bxf4 26. h6 g6 27. Qe6 Nxe4 28. Qxe4 $16) 26. Ng6+ (
26. Ne6 Nxd4 27. Nxd4 Qc4+ 28. Nb3 28... Rxf7 $19 (28... Qxc2 $6 29. Qe6 $17))
26... hxg6 27. hxg6 (27. cxb3 Rxf7 28. hxg6 28... Re7 $16) 27... Nxd4 28. Qe3 {
Es droht Matt} 28... Qc4+ (28... Qc4+ 29. Kb1 Qxc2+ 30. Ka2 Qb3+ 31. Qxb3 Nxb3
32. Kxb3 32... a5 $17) 0-1

[Event "ICS rated blitz match"]
[Site "207.99.83.227"]
[Date "1999.04.03"]
[Round "?"]
[White "Hossa"]
[Black "nimraz"]
[Result "1-0"]
[WhiteElo "2509"]
[BlackElo "2180"]
[Annotator "Fritz 5.32 (15s)"]
[PlyCount "55"]

1. e4 c5 2. Bc4 Nf6 (2... Nc6 3. c3 e6 4. Qe2 Nge7 5. d3 g6 6. Nf3 Bg7 7. O-O
O-O 8. Bb3 d6 9. Be3 b6 10. d4 cxd4 11. Nxd4 Na5 12. Bc2 e5 13. Nb3 Nac6 14.
Rd1 Be6 15. Na3 Qd7 16. Nb5 Nc8 17. Rd2 a6 18. Nxd6 Nxd6 19. Rad1 Qc7 20. Rxd6
Nd4 21. Nxd4 Qxd6 22. Nxe6 Qxe6 23. Bb3 Qc8 24. Bxb6 Kh8 25. Bd5 Rb8 26. Ba7
Rb5 27. Bc4 Rxb2 28. Qxb2 Qxc4 29. f3 {
- Faybish,N-Praet,M/Interteam ch, Antwerp BEL 1998 (29)}) 3. e5 $146 (3. Nc3
3... e6 $11) (3. Qf3 e6 4. Nh3 d5 5. exd5 exd5 6. Bb5+ Nc6 7. Bxc6+ bxc6 8. Ng5
Bg4 9. Qe3+ Be7 10. f3 d4 11. Nxf7 Kxf7 12. Qb3+ Be6 13. Qb7 Rb8 14. Qxa7 Qd5
15. b3 Qe5+ 16. Kf2 d3 17. c3 Bg4 18. Re1 Ne4+ 19. Rxe4 Qh5 20. Qxe7+ Kg6 21.
Rxg4+ 21... Kh6 {1-0 stoke-WoodbGM/ICC 1997 (21)}) (3. Nf3 Nxe4 4. d3 Nf6 5.
Ng5 e6 6. Nc3 Ng4 7. Qxg4 f5 8. Qe2 8... Qxg5 {1-0 Kloner-WoodbGM/ICC 1997 (8)}
) 3... d5 4. exd6 (4. Bb5+ Bd7 5. Be2 5... Ng8 $14) 4... Qxd6 5. Nf3 Nc6 6. O-O
g6 7. Nc3 Bg7 8. d3 {Staerkt e4} 8... O-O 9. Be3 {
Weiss haelt das Heft fest in der Hand} 9... Ng4 10. Ne4 Qc7 11. c3 $15 {
Staerkt b4+d4} (11. Bxc5 Na5 12. Ba3 Nxc4 13. dxc4 13... Qxc4 $11) 11... Nce5
$11 (11... Na5 12. Bb5 $15 (12. Bxc5 $143 12... Nxc4 13. dxc4 13... Rd8 $17))
12. Bf4 12... Nxf3+ $14 (12... Qb6 13. Bxe5 Nxe5 14. Nxe5 Bxe5 15. Qd2 $11) 13.
Qxf3 e5 (13... Be5 14. Bxe5 Nxe5 15. Qf4 $14) 14. Be3 14... b5 $16 (14... Nxe3
15. fxe3 Kh8 16. Nf6 $11) 15. Bd5 15... Rb8 $2 $18 (15... Nxe3 $142 16. fxe3
16... Rb8 $16) 16. Bxc5 Rd8 17. Bd6 Rxd6 18. Nxd6 18... Bf5 $2 (18... Nf6 19.
Nxc8 Nxd5 20. Qxd5 20... Rxc8 $18) 19. Nxf7 (19. Bxf7+ Kh8 20. Nxf5 20... Nxh2
$18) 19... e4 {Droht Matt: Qxh2} 20. Qh3 $1 {entscheidend} 20... Kf8 (20...
exd3 {aendert den traurigen Lauf der Dinge nicht} 21. Ng5+ $1 {
ein boeses Schach} 21... Kf8 22. Ne6+ Bxe6 23. Bxe6 $18) 21. dxe4 {
Der Freibauer e4 fuehrt schnell zu Drohungen} 21... Ne3 (21... Nf6 {
ist der letzte Rettungsanker} 22. exf5 22... Nxd5 $18) 22. Qxe3 (22. fxe3 $6
22... Bxh3 23. Ng5+ 23... Ke8 $18) 22... Re8 (22... Bd7 {
holt die Kuh nicht vom Eis} 23. Qg3 Qxg3 24. fxg3 $18) 23. Qg3 Qd6 (23... Qd7 {
ist noch eine duenne Chance} 24. Qd6+ Qxd6 25. Nxd6 25... Re7 $18) 24. Qxd6+
Kg8 25. exf5 {Droht Matt.} 25... Re2 (25... Rf8 {waere gleichermassen fruchtlos
} 26. f6 h5 27. Ne5+ Kh7 28. fxg7 Rf6 29. g8=Q+ Kh6 30. Qxg6+ Rxg6 31. Qxg6#)
26. Ng5+ (26. Ne5+ Kh8 27. Qd8+ Bf8 28. Qxf8#) 26... Kh8 27. Qd8+ Bf8 (27...
Re8 {aendert nichts am Ausgang der Partie} 28. Qxe8+ Bf8 29. Qxf8#) 28. Qxf8#
1-0